MARC details
| 000 -CABECERA |
| campo de control de longitud fija |
01441nam a2200217 a 4500 |
| 001 - NÚMERO DE CONTROL |
| campo de control |
000036086 |
| 005 - FECHA Y HORA DE LA ÚLTIMA TRANSACCIÓN |
| campo de control |
20200930074850.0 |
| 008 - DATOS DE LONGITUD FIJA--INFORMACIÓN GENERAL |
| campo de control de longitud fija |
111129s1998 dr 000 0 spa d |
| 040 ## - FUENTE DE LA CATALOGACIÓN |
| Centro catalogador/agencia de origen |
DO-SdBNP |
| Lengua de catalogación |
spa |
| Centro/agencia transcriptor |
BNPHU |
| 082 ## - NÚMERO DE LA CLASIFICACIÓN DECIMAL DEWEY |
| Número de clasificación |
759.97293 |
| Número de documento/Ítem |
L183L |
| 100 1# - ENTRADA PRINCIPAL--NOMBRE DE PERSONA |
| Nombre de persona |
Lahit-Bignott, Nereida |
| 9 (RLIN) |
62121 |
| 245 10 - MENCIÓN DE TÍTULO |
| Título |
Luis Desangles : |
| Resto del título |
un pintor antillano / |
| Mención de responsabilidad, etc. |
Nereida Lahit-Bignott ; prólogo Cándido Gerón. |
| 260 ## - PUBLICACIÓN, DISTRIBUCIÓN, ETC. |
| Lugar de publicación, distribución, etc. |
Santo Domingo : |
| Nombre del editor, distribuidor, etc. |
Amigo del Hogar, |
| Fecha de publicación, distribución, etc. |
1998. |
| 300 ## - DESCRIPCIÓN FÍSICA |
| Extensión |
275 p. : |
| Otras características físicas |
il., retrs. ; |
| Dimensiones |
30 cm. |
| 505 0# - NOTA DE CONTENIDO CON FORMATO |
| Información miscelánea |
Presentación / |
| Mención de responsabilidad |
Mary L. de Marranzini |
| Información miscelánea |
Prólogo / |
| Mención de responsabilidad |
Cándido Gerón |
| Información miscelánea |
Prefacio / |
| Mención de responsabilidad |
Ricardo Repilado |
| Información miscelánea |
Etapa dominicana 1861-1901 -- |
| Título |
Educación artística -- |
| -- |
El matrimonio -- |
| -- |
El taller Desangles -- |
| -- |
Un colaborador de Hostos -- |
| -- |
Luis Desangles -- |
| -- |
Puerto Rico -- |
| -- |
Regreso del exilio -- |
| -- |
Temas en la pintura -- |
| -- |
El tema costumbrista -- |
| -- |
La arquitectura colonial -- |
| -- |
El retrato -- |
| -- |
Tema religioso -- |
| -- |
La escultura -- |
| Información miscelánea |
Etapa cubana 1904-1940 -- |
| Título |
Luis Desangles -- |
| -- |
Viaje a Estados Unidos -- |
| -- |
Retorno a Santiago de Cuba -- |
| -- |
Compromiso con la patria -- |
| -- |
La muerte del pintor -- |
| -- |
Luis Desangles en la pupila de la crítica artística -- |
| Información miscelánea |
Epistolario -- |
| -- |
Apéndices -- |
| -- |
Notas -- |
| -- |
Bibliografía -- |
| -- |
Book review |
| 590 ## - NOTA LOCAL (RLIN) |
| Nota local |
Inventariado, 2018/LP |
| 600 14 - PUNTO DE ACCESO ADICIONAL DE MATERIA--NOMBRE DE PERSONA |
| Nombre de persona |
DESANGLES, LUIS |
| Fechas asociadas al nombre |
1861-1940 |
| 9 (RLIN) |
62122 |
| 650 #4 - PUNTO DE ACCESO ADICIONAL DE MATERIA--TÉRMINO DE MATERIA |
| Término de materia o nombre geográfico como elemento de entrada |
Pintura dominicana |
| 9 (RLIN) |
1858 |
| 700 12 - PUNTO DE ACCESO ADICIONAL--NOMBRE DE PERSONA |
| Nombre de persona |
García, Cándido, |
| Fechas asociadas al nombre |
1950- |
| Término indicativo de función/relación |
pról. |
| 9 (RLIN) |
62123 |
| 910 ## - DATOS DE OPCIÓN DEL USUARIO (OCLC) |
| Datos de opción del usuario |
Validado. Control de calidad BNPHU |